Flagi Historyczne i nie tylko (Trudne) - Statystyki

Ogólne statystyki
  • Ten quiz został rozwiązany 10 razy
  • Średni wynik to 2 z 15
Statystyki odpowiedzi
Obrazkowy Hint Odpowiedź % Poprawnych
Czeczenia
50%
Propozycja z 1997r. Bośnia
33%
Hetmanat
33%
Propozycja z 2011r. Polska
33%
Rekonstrukcja sztandaru Abbasydzi
17%
Flaga używana podczas inauguracji Floryda
17%
Herceg-Bośnia
17%
Księstwo Halicko-Wołyńskie
17%
Prawdopodobna rekonstrukcja Dynastia Hafsydów
0%
Kaganat Turecki
0%
Mongolia Wewnętrzna
0%
Flaga grupy etnicznej Niemcy Sudeccy
0%
Papua zachodnia
0%
Republika Natalii
0%
Serbska Krajina
0%
Nie znaleziono quizów pasujących do podanych kryteriów
Rozkład punktacji
Procent ludzi z każdym wynikiem
Percentyl według liczby udzielonych odpowiedzi
Twoja historia wyników
Nie rozwiązałeś tego quizu